000 01516nam a2200313 a 4500
001 BRCA_4980
005 20190320204903.0
008 271010s1699----it-######v---#000-0#spa-#
041 _aspa
044 _amx
084 _aDOC67
_b.I56
_c1699
100 1 _aInocencio
_bXII
_cPapa
_d1615-1700
_912678
245 1 0 _aDocumento expedido por el Papa Inocencio XII
_cInocencio XII ; Juàn Francisco Albano ; traducción de Antonio Gracián.
260 _aSanta Marìa la Mayor, Roma
_c1699
300 _a[7] fojas
_c31 x 22 cm.
500 _aDocumento firmado en la Basílica de Santa María la Mayor el 14 de julio de 1699.
500 _aBreve del Papa Inocencio XII en el que se otorga al Rey español un millón de ducados de plata para defender de ciertas escuadras de escoceses herejes las Plazas de América.
500 _aDocumento firmado por el Cardenal Juán Francisco Albano y traducido al español por Antonio Gracián.
500 _aEl documento contiene la leyenda DOC. #77.
506 0 _aFondo Reservado. Para su consulta es necesario credencial de usuario y carta de motivos.
546 _aTexto en : español de finales del siglo XVII traducido del latín.
600 1 4 _aInocencio,
_bXII,
_cPapa,
_d1615-1700
_xHistoria
_912679
650 1 4 _aDocumentos legales
_xCuria romana
_zRoma.
_912680
651 4 _aMéxico
_xHistoria
_yColonia,1521-1821
_912461
700 1 _aAlbano, Juan Francisco.
_cCardenal.
_912681
700 1 _aGracián, Antonio
_cEscribano.
_912682
902 _aFDH
942 _2lcc
_cD
999 _c4674
_d4674